00341pam a2200121 a 4500020002000000041000800020082001600028100001300044245008200057260003100139300001000170653003900180 a9780470286623c aeng a615.19bWAN aWang, Z. aComprehensive Organic Name Reactions and Reagents Vol - 1 hTextual Documents aWeinheimbJohn Wileyc2009 a1304. aPharmaceutical/Medicinal Chemistry